Normal view
MARC view
- LEADERSHIP. BUSINESS ETHICS. STRATEGIC PLANNING.BUSINESS ENTERPRISES- SECURITY MEASURES
Entry Topical Term
001 - CONTROL NUMBER
- control field: 64224
003 - CONTROL NUMBER IDENTIFIER
- control field: NUST
005 - DATE AND TIME OF LATEST TRANSACTION
- control field: 20210628203236.0
008 - FIXED-LENGTH DATA ELEMENTS
- fixed length control field: 210628|| aca||aabn | a|a d
040 ## - CATALOGING SOURCE
- Original cataloging agency: NUST
- Transcribing agency: NUST
150 ## - HEADING--TOPICAL TERM
- Topical term or geographic name entry element: LEADERSHIP. BUSINESS ETHICS. STRATEGIC PLANNING.BUSINESS ENTERPRISES- SECURITY MEASURES
670 ## - SOURCE DATA FOUND
- Source citation: Work cat.: (NUST): Allard, C.Kenneth 64223, Business as war, battling for competitive advantage, 2004
